PDC World Darts Champions - Sudden Death - Statistics

General Stats
  • This quiz has been taken 283 times
  • The average score is 9 of 13
Answers on the Grid
Answers color-coded by a green-red scale on the quiz's grid according to % correct below.
Adrien Lewis
Dennis Priestley
Eric Bristow
Gary Anderson
Gerwyn Price
James Wade
John Part
Kirk Shepherd
Luke Humphries
Luke Littler
Michael Smith
Michael van Gerwen
Peter Manley
Peter Wright
Phil Taylor
Raymond van Barneveld
Rob Cross
Simon Whitlock
Stephen Bunting
Wayne Mardle
 
Answer Stats
Answer % Correct
Adrien Lewis
82%
Luke Littler
81%
Luke Humphries
79%
Gerwyn Price
78%
Michael van Gerwen
77%
Gary Anderson
74%
Peter Wright
74%
Phil Taylor
73%
Rob Cross
71%
Raymond van Barneveld
69%
Michael Smith
66%
Dennis Priestley
61%
John Part
61%
No matching quizzes found
Score Distribution
Percent of People with Each Score
Percentile by Number Answered
Your Score History
You have not taken this quiz